000 00642nam a2200241Ia 4500
003 OSt
005 20220918174612.0
006 a|||||r|||| 00| 0
007 ta
008 220917b |||||||| |||| 00| 0 eng d
024 _a13,087
037 _cTextual
040 _aARTS
_cARTS
_beng
041 _2eng
_aeng
082 _aN44,M, N2
100 _aMiller Barbara Stoler
_951089
245 0 _aPowers of art
_b Patronage in Indian culture
260 _aDelhi
_bOxford Univ press
_c1992
300 _ax, 338p.
_ccm.
650 _aARTS
942 _hN44,M, N2
_cTEXL
_2CC
999 _c153907
_d153907